| 000 | 00599nam a2200205Ia 4500 | ||
|---|---|---|---|
| 003 | GCL | ||
| 008 | 140319s9999 xx 000 0 ara d | ||
| 040 |
_aGCL / _cGCL |
||
| 082 | 0 | 4 |
_a923.1 _bت ن |
| 100 | 1 | _aفيليب عطاالله | |
| 245 | 1 | 0 |
_aنبوخذ نصر: عظمة بابل, احراق نينوى, وتدمير مملكة يهوذا / _cفيليب عطاالله |
| 260 |
_a[S.N] : _bدار الجيل ، _c1994 |
||
| 300 | _a325 ص | ||
| 490 | _a | ||
| 650 | 0 | 4 | _aتاريخ |
| 650 | 0 | 4 | _aبابل |
| 650 | 0 | 4 | _aالبابليون |
| 650 | 0 | 4 | _aاليهود |
| 942 |
_2ddc _cBK |
||
| 999 |
_c53339 _d53339 |
||